000 00686nam a22002417a 4500
003 UA-OsUOA
001 45451
007 ta
008 20111012b un ||||| |||| 00| 0 ukr d
100 _aТендряков В.
090 _a82-3
_bТ33
942 _cBK
040 _aUA-OsUOA
_brus
_cUA-OsUOA
_dUA-OsUOA
245 _aНаходка.
300 _a276 с.
955 _a3
041 _arus
080 _a82-3
260 _aМ.
_bСоветская Россия
_c1966
650 7 _a82 Література. Літературознавство
_2UDC
999 _c425556
_d425556